| 000 | 00751nam a2200217Ia 4500 | ||
|---|---|---|---|
| 003 | GCL | ||
| 008 | 140319s9999 xx 000 0 ara d | ||
| 020 | _a9865274977 | ||
| 040 |
_aGCL / _cGCL |
||
| 082 | 0 | 4 |
_a956.904 _bع م |
| 100 | 1 | _aعبدالوهاب المسيرى | |
| 245 | 1 | 0 |
_aمن الانتفاضة الى حرب التحرير الفلسطينية / _cعبدالوهاب المسيرى |
| 250 | _aالاولى | ||
| 260 |
_aالقاهرة : _bمركز الاعلام العربى ، _c2002 |
||
| 300 |
_a160 ص ؛ _c24 سم |
||
| 490 |
_aكتاب القدس _v12 |
||
| 650 | 0 | 4 | _aالنزاع العربى الاسرائيلى |
| 650 | 0 | 4 | _aالانتفاضة الفلسطينية |
| 650 | 0 | 4 | _aالاستيطان |
| 942 |
_2ddc _cBK |
||
| 999 |
_c8884 _d8884 |
||